American Cities by Street - Statistics

General Stats
  • This quiz has been taken 21 times
  • The average score is 15 of 18
Answer Stats
Hint Answer % Correct
Woodward Avenue, Gratiot Avenue, 8 Mile Road Detroit
100%
Sunset Boulevard, Mulholland Drive, Rodeo Drive Los Angeles
100%
Bourbon Street, Royal Street, St. Charles Avenue New Orleans
100%
Wall Street, Main Street, Park Avenue New York City
100%
Pennsylvania Avenue, Constitution Avenue, K Street Washington, DC
100%
Michigan Avenue, Lake Shore Drive, State Street Chicago
95%
Music Row, Broadway, Second Avenue Nashville
95%
Chestnut Street, Elfreth's Alley, Addison Street Philadelphia
95%
Freedom Trail, Boylston Street, Acorn Avenue Boston
89%
The Strip, Fremont Street, Paradise Road Las Vegas
89%
Calle Ocho, Biscayne Boulevard, Ocean Drive Miami
89%
Lombard Street, Castro Street, the Embarcadero San Francisco
89%
Northern Lights Boulevard, Seward Highway, Arctic Boulevard Anchorage
84%
Grand Avenue, Camelback Road, Roosevelt Street Phoenix
74%
Penn Avenue, Shady Avenue, East Carson Street Pittsburgh
58%
Euclid Avenue, East 4th Street, Detroit Avenue Cleveland
53%
Guadalupe Street, Sixth Street, Barton Springs Road Austin
32%
Delmar Boulevard, Kingshighway Boulevard, Grand Boulevard St. Louis
32%
No matching quizzes found
Score Distribution
Percent of People with Each Score
Percentile by Number Answered
Your Score History
You have not taken this quiz